Cows, pigs, wars & witches : the riddles of culture
Saved in:
| Main Author: | |
|---|---|
| Format: | Book |
| Language: | English |
| Published: |
[London] :
Fontana/Collins,
1977
|
| Subjects: | |
| Tags: |
Add Tag
No Tags, Be the first to tag this record!
|
MARC
| LEADER | 00000cam a2200000 i 4500 | ||
|---|---|---|---|
| 001 | 1/27779 | ||
| 008 | 060406s1977 eng d | ||
| 020 | |a 0-00-634111-X | ||
| 035 | |l 10083486 | ||
| 040 | |a GR-MY-UA |b gre |e aacr | ||
| 041 | 0 | |a eng | |
| 082 | 0 | |a 306 |2 (22) | |
| 100 | 1 | |a Harris, Marvin |d 1927- | |
| 245 | 1 | 0 | |a Cows, pigs, wars & witches : |b the riddles of culture / |c Marvin Harris |
| 260 | |a [London] : |b Fontana/Collins, |c 1977 | ||
| 300 | |a 192 σ.; |c 18 εκ. | ||
| 504 | |a Περιέχει βιβλιογραφία (σ. 186-192) | ||
| 650 | 0 | 0 | |a Ethnology |z Miscellanea. |
| 650 | 0 | 0 | |a Witchcraft. |
| 852 | |a INST |b LESVOS |e 20060406 |h 306 HAR |p 005100034848 |q 005100034848 |t BK |y 0 | ||
| 901 | |a BIBL1-2006-1 | ||
| 909 | |a Λ |b 126410 | ||
| 970 | |a ΚΑΡΑ |b ΓΙΑΣΕΜΗ |z 2006/04/06 | ||